Catálogo
 En Linea

El laberinto de los libros : historia cultural de la Barcelona del Quinientos. (Registro nro. 2331)

Detalles MARC
000 -CABECERA
campo de control de longitud fija 00335nam a2200121 a 4500
001 - NÚMERO DE CONTROL
campo de control 000002495
005 - FECHA Y HORA DE LA ÚLTIMA TRANSACCIÓN
campo de control 20200929150211.0
008 - DATOS DE LONGITUD FIJA--INFORMACIÓN GENERAL
campo de control de longitud fija 090702s1997 000 spa d
020 ## - NÚMERO INTERNACIONAL ESTÁNDAR DEL LIBRO
Número Internacional Estándar del Libro 848938410X
040 ## - FUENTE DE LA CATALOGACIÓN
Centro catalogador/agencia de origen DO-SdBNP
245 #3 - MENCIÓN DE TÍTULO
Título El laberinto de los libros : historia cultural de la Barcelona del Quinientos.
260 ## - PUBLICACIÓN, DISTRIBUCIÓN, ETC.
Lugar de publicación, distribución, etc. Madrid,
Fecha de publicación, distribución, etc. 1997.
Existencias
Estado de retiro Estado de pérdida Restricciones de uso No para préstamo Código de colección Localización permanente Ubicación/localización actual Ubicación en estantería Fecha de adquisición Número de inventario Total de préstamos Signatura topográfica completa Código de barras Fecha visto por última vez Precio válido a partir de Tipo de ítem Koha
    Préstamo interno   Monografías: Libros y Folletos General General En catalogación 02.07.2009 LF1   2495-10 25.06.2020 25.06.2020 Préstamo interno

Con tecnología Koha